00432nam a2200133Ia 4500008004100000020001800041050002300059100002100082245009400103250001200197260005200209300002900261521000800290140609s9999 xx 000 0 und d a9780071260879 aQP 34.5b.T49 2007 aPatton, Kevin T. aLaboratory manual to accompany essentialsof anatomy and physiology /cKevin T. Patton a6th ed. aBoston :bMcGraw-Hill Higher Education,cc2007. a330 p. :bill. ;c26 cm. aNUR